| 000 | 00790cam a22002411 4500 | ||
|---|---|---|---|
| 001 | med47002110 | ||
| 003 | DLC | ||
| 005 | 20260227111605.0 | ||
| 008 | 810610s1947 aluac 000 0 eng c | ||
| 010 | _amed47002110 | ||
| 035 | _a(OCoLC)7492061 | ||
| 040 |
_aU.S. Army Medical Library _cAU _dTJoS-M _dDLC |
||
| 042 | _apremarc | ||
| 050 | 0 | 0 |
_aRD41 _b.N6 |
| 082 | _a617.04 | ||
| 245 | 0 | 0 |
_aTribute to Lloyd Noland. _cReunion volume, May sixteenth, nineteen hundred forty seven. |
| 260 |
_aFairfield, Ala., _bEmployees' Hospital Reunion Committee _c[1947] |
||
| 300 |
_ax, 343 p. _billus., ports. _c24 cm. |
||
| 650 | 0 | _aMedicine. | |
| 650 | 0 | _aSurgery. | |
| 600 | 1 | 0 |
_aNoland, Lloyd, _d1880- |
| 710 | 2 |
_aTennessee Coal, Iron, and Railroad Company. _bEmployees' Hospital, Fairfield, Ala. |
|
| 999 |
_c38510 _d38510 |
||